00349nam a2200121Ia 4500008004100000041001200041082001900053100005000072245006500122260001900187300001300206650000800219231217s9999 xx 000 0 und d aEnglish a001.6424C WOO aWoollard, Rex Lafore, Robert Henderson, Harry 0aMaster C++: Let the PC teach you object oriented programming c1992bGalgotia aviii+390 aC++